000 01214nas a2200397 4500
001 BR0703756
003 BR-BrBNA
005 20231205110918.0
007 ta
008 230509b bl.|||p| |||| 00| 00por d
040 _aBR-BrBNA
_bpor
_cBiblioteca Nacional de Agricultura
041 _a(Pt)
072 _aL02
100 1 _aBotaro, D.
100 1 _aFuruya, W.M.
100 1 _aSilva, L.C.R.
100 1 _aSantos, L.D. dos
100 1 _aSilva, T.S. de C.
100 1 _aSantos, V.G. dos
245 1 _aRedução da proteína da dieta com base no conceito de proteína ideal para tilápia-do-nilo (Oreochromis niloticus)criadas em tanques-rede
650 _aTILÁPIA NILÓTICA
650 _aDIETA
650 _aPROTEÍNA
650 _aAMINOÁCIDO
650 _aSUPLEMENTO ALIMENTAR
650 _aCOMPOSIÇÃO DE ALIMENTO
650 _aPERFORMANCE
650 _aANÁLISE ECONÔMICA
650 _aTANQUE
650 _aCRIAÇÃO
650 _aCUSTO DE PRODUÇÃO
650 _aBIOQUÍMICA ANIMAL
773 0 _tRevista Brasileira de Zootecnia (Brazil)
_xISSN 1516-3598
_g(May-Jun 2007), v. 36(3) p. 517-527
_wBR0703756
909 _a202311
_bLúcia
_c55
_dLúcia Elande
942 _2AGRIS
_n0
_cANA
999 _c189728
_d189728